| 000 | 00723nam a2200217Ia 4500 | ||
|---|---|---|---|
| 005 | 20241129111507.0 | ||
| 008 | 241129s9999||||xx |||||||||||||| ||und|| | ||
| 020 | _a978-93-90702-54-1 | ||
| 037 | _aREF | ||
| 040 |
_aCRL _bhin _cCRL |
||
| 041 |
_ahin _2hin |
||
| 084 |
_aQ2315:332k 152R3(RR) _qCRL |
||
| 100 | _aराजेश सिंह, संपा. | ||
| 245 | 0 |
_aनाथपंथ विश्वकोश _cराजेश सिंह, संपा. |
|
| 260 |
_aनयी दिल्ली, भारत _bकिताबवाले _c2023 |
||
| 300 | _a390पृ0 | ||
| 365 |
_aINR _b2000 |
||
| 650 | _aReligion | ||
| 942 |
_cREF _hQ2315:332k 152R3(RR) |
||
| 999 |
_c1230711 _d1230711 |
||